Statistics for UEFA Champions League Runners Up

Click here to take the quiz!

General Stats

  • This quiz has been taken 193 times
    (135 since last reset)
  • The average score is 13 of 20

Answer Stats

Year(s) in finalCountryAnswer% Correct
2020FrancePSG
97%
2021EnglandManchester City
93%
2019EnglandTottenham Hotspur
92%
2006EnglandArsenal
86%
2004FranceAS Monaco
76%
1974, 2014, 2016SpainAtletico Madrid
76%
2000, 2001SpainValencia
76%
2002GermanyBayer Leverkusen
74%
1984ItalyAS Roma
71%
1979SwedenMalmo FF
66%
1978BelgiumClub Brugge
63%
1992ItalySampdoria Genoa
54%
1971GreecePanathinaikos
51%
1957ItalyFiorentina
49%
1976FranceAS Saint-Etienne
45%
1977GermanyBorussia Mönchengladbach
45%
1956, 1959FranceStade de Reims
44%
1960GermanyEintracht Frankfurt
39%
1975EnglandLeeds United
39%
1966YugoslaviaPartizan Belgrade
34%

Score Distribution

Percentile by Number Answered

Percent of People with Each Score

Your Score History

You have not taken this quiz since the last reset